The NFL Player with the Most Ridiculous Name on Every Team - Statistics

General Stats
  • This quiz has been taken 7 times
  • The average score is 15 of 32
Answer Stats
Team Pos. Player % Correct
Lions WR Amon-Ra St. Brown
100%
Panthers QB Baker Mayfield
100%
Bears WR Equanimeous St. Brown
100%
Dolphins WR Jaylen Waddle
100%
49ers FB Kyle Juszczyk
100%
Cardinals S Budda Baker
80%
Cowboys WR CeeDee Lamb
80%
Saints TE Juwan Johnson
80%
Rams K Matt Gay
80%
Jets CB Sauce Gardner
80%
Buccaneers DT Tevita Tuliʻakiʻono Tuipulotu Mosese Vaʻhae Fehoko Faletau Vea
80%
Vikings LB Za'Darius Smith
80%
Browns WR Donovan Peoples-Jones
60%
Bengals CB Eli Apple
60%
Chiefs K Harrison Butker
60%
Eagles DE Josh Sweat
40%
Falcons WR Olamide Zaccheaus
40%
Broncos TE Albert Okwuegbunam
20%
Packers FS Darnell Savage
20%
Bills OT David Quessenberry
20%
Patriots DE Deatrich Wise
20%
Titans RB Dontrell Hilliard
20%
Giants WR Kadarius Toney
20%
Ravens LB Odafe Oweh
20%
Texans RB Rex Burkhead
20%
Raiders CB Rock Ya-Sin
20%
Colts DE Yannick Ngakoue
20%
Steelers CB Ahkello Witherspoon
0%
Commanders LB David Mayo
0%
Jaguars DE Folorunso Fatusaki
0%
Chargers OT Trey Pipkins
0%
Seahawks LB Uchenna Nwosu
0%
No matching quizzes found
Score Distribution
Percent of People with Each Score
Percentile by Number Answered
Your Score History
You have not taken this quiz